| 000 | 00428nam a2200157Ia 4500 | ||
|---|---|---|---|
| 008 | 210716s2007 xx 000 0 und d | ||
| 020 | _a8120331486 | ||
| 041 | _aeng | ||
| 082 | _a005.268 PREJ | ||
| 100 | _aPreppernau, Joan;Cox, Joyce. | ||
| 245 | _aWindows vista: step by step. | ||
| 250 | _a1 | ||
| 260 |
_aNew Delhi _bPrentice Hall of India PVt Ltd _c2007 |
||
| 300 | _alxxiii,389 | ||
| 650 | _aMicrosoft Windows(005.269) | ||
| 999 |
_c188618 _d188618 |
||